000 00856nam a2200265Ia 4500
001 1060
003 GE_BSU
008 181216s||||||||xx |||||||||||||| ||und||
020 _a5938782384
040 _cGE_BSU
080 _a159.9
100 _aСосло, Роберт,Кемберли,Маклин
245 _aЭкспериментальная психология
245 _bПланирование,проведение,анализ.75 уникальных экспериментов
250 _a8-е допол. перераб.изд-е.
260 _aСПБ
260 _bПрайм-Еврознак
260 _c2006
300 _a480стр.
541 _h12л.
653 _aПсихология
653 _aЭкспериментальная психология
653 _aფსიქოლოგია
942 _cBK
999 _c35214
_d35214